Quizzes
Events
Quiz Creation
Community
Videos
Private Events
Remove Ads
Sign In
Join for FREE
Feedback
Dark Mode
Quiz Categories
Sports
Geography
Music
Movies
Television
Just For Fun
Miscellaneous
History
Literature
Language
Science
Gaming
Entertainment
Religion
Holiday
For Kids
Quiz Lab
Recent
Popular Today
Quiz Kudos Today
Editor Picks
Curator Picks
Quizzes by...
Day
Popularity
Type
Ratings
Length
Year
Community
Subscriptions
Recent Discussions
Orange Saloon
Badges
Playlists
Quests
Create
Leaderboards
Showdown
Live 5
Trivia Bingo
Activity
Puzzle Library
Sporcle Events
Private Events
Virtual Trivia
Globe League
Become a Host
Pub Owners
SporcleCon
Opinionation
Our Games
Videos
Blog
Mobile Apps
Partnerships
Remove Ads and Go Orange
Feedback
Literature
Harry Potter
A Song of Ice and Fire
The Hunger Games
Literary Character
Shakespeare
Book
Author
Novel
Poem
Young Adult
Children's Books
Play
Lord of the Rings
Literature
Harry Potter
A Song of Ice and Fire
The Hunger Games
Literary Character
Shakespeare
Book
Author
Novel
Poem
Young Adult
Children's Books
Play
Lord of the Rings
Random Quiz
Search Sporcle
×
Quiz Lab
Quiz Lab
Literature
Book
Type in answers that appear in a list
Type in answers that appear in a list
Classic
Best Score? Go Orange.
Non-Fiction Best Sellers with Longevity Stats
Can you name the authors of the post-1950 non-fiction books that spent 1 year or more on the NYTimes best seller list?
By
alanlit96
14m
73 Questions
111 Plays
111 Plays
111 Plays
Comments
Comments
Give Quiz Kudos
Give Quiz Kudos
-
- Ratings
hide this ad
Replay
Link that replays current quiz
Next Quiz
Link to next quiz in quiz playlist
You Got
0%
They Got
Avg Score
30%
Avg Friend Score
Upgrade to see
Score Distribution
Jump to the score distribution portion of the page
Score
0/73
Timer
14:00
0
Plays Today
Title
Author
% Correct
Jane Fonda's Workout Book
Jane Fonda
87.4%
A Brief History of Time
Stephen W. Hawking
81.1%
Angela's Ashes
Frank McCourt
80.2%
Profiles in Courage
John F. Kennedy
79.3%
Iacocca: An Autobiography
Lee Iacocca
67.6%
Cosmos
Carl Sagan
62.2%
Tuesdays With Morrie
Mitch Albom
62.2%
Into Thin Air
Jon Krakauer
60.4%
Fatherhood
Bill Cosby
59.5%
Kon-
Tiki
Thor Heyerdahl
55.9%
The Greatest Generation
Tom Brokaw
53.2%
Blink
Malcolm Gladwell
52.3%
The Power of Positive Thinking
Norman Vincent Peale
51.4%
Travels with Charley
John Steinbeck
49.5%
All Things Wise and Wonderful
James Herriot
45.9%
Stupid White Men
Michael Moore
43.2%
'Where Did You Go' 'Out', 'What Did You Do' 'Nothing'
Robert Paul Smith
42.3%
The Money Game
Adam Smith
42.3%
The Rise and Fall of the Third Reich
William L.Shirer
41.4%
The One Minute Manager
Kenneth Blanchard
40.5%
The Sea Around Us
Rachel Carson
39.6%
A Man Called Peter
Catherine Marshall
37.8%
John Adams
David McCullough
37.8%
Bury My Heart at Wounded Knee
Dee Brown
36%
The Complete Book of Running
James F. Fixx
36%
Passages
Gail Sheehy
35.1%
A Light in the Attic
Shel Silverstein
35.1%
A Gift From the Sea
Anne Morrow Lindbergh
34.2%
The Pritikin Program
Nathan Pritikin
34.2%
When Bad Things Happen to Good People
Harold S Kushner
32.4%
The World is Flat
Thomas L. Friedman
31.5%
The Joy of Sex
Alex Comfort
30.6%
In Search of Excellence
Thomas Peters
29.7%
The Perfect Storm
Sebastian Junger
28.8%
Kids Say the Darndest Things
Art Linkletter
27.9%
Games People Play
Eric Berne
27.9%
You're Only Old Once
Dr. Seuss
26.1%
Title
Author
% Correct
Emotional Intelligence
Daniel Goleman
24.3%
I'm O.K.-
You're O.K.
Thomas Harris
23.4%
Your Erroneous Zones
Dr. Wayne Dyer
23.4%
The Man Who Listens to Horses
Monty Roberts
23.4%
Motherhood: The Second Oldest Profession
Erma Bombeck
22.5%
The Way Things Ought To Be
Rush Limbaugh
22.5%
Midnight in the Garden of Good and Evil
John Berendt
22.5%
The Making of the President 1960
Theodore H. White
20.7%
Between Parent and Child
Haim G. Ginott
18%
All I Really Need to Know I Learned in Kindergarten
Robert Fulghum
18%
It Was on Fire When I Lay Down On It
Robert Fulghum
18%
Marley & Me
John Grogan
17.1%
Women Who Run With the Wolves
Clarissa Pinkola Estes
16.2%
Conversations with God, Book 1
Neale Donald Walsch
16.2%
The Country Diary of an Edwardian Lady
Edith Holden
15.3%
The Book of Virtues
William J. Bennett
15.3%
Freakonomics
Steven D. Levitt
15.3%
Iron John
Robert Bly
14.4%
My Life in Court
Louis Nizer
12.6%
Never-
Say-
Diet Book
Richard Simmons
12.6%
Look Younger, Live Longer
Gayelord Houser
11.7%
Embraced by the Light
Betty J. Eadle
9.9%
O Ye Jigs and Juleps
Virginia Cary Hudson
9%
Everything You Always Wanted to Know About Sex
Dr. David Reuben
9%
Living, Loving & Learning
Leo Buscaglia
8.1%
Loving Each Other
Leo Buscaglia
8.1%
How to Live 365 Days a Year
John A. Schindler
7.2%
Everything But Money
Sam Levenson
6.3%
The Bridge Across Forever
Richard Bach
6.3%
Love, Medicine & Miracles
Bernie S. Siegel
6.3%
Sisters
Carol Saline
4.5%
The Art of Happiness
Howard Cutler
4.5%
Only in America
Harry Lewis Golden
3.6%
Megatrends
John Naisbitt
2.7%
The Millionaire Next Door
Thomas J. Stanley
2.7%
Folk Medicine
Deforest Clinton Jarvis
0.9%
Quiz Playlist
Details
Report
Send in Message
Add To Playlist
Classic:
Type in answers that appear in a list
Last Updated: Mar 8, 2024
Quiz Scoreboard
CHALLENGE
Sign Up to Join the Scoreboard
Show All
Scores
Hide
Comments
May contain spoilers
Recently Published
Click the 1999 NBA Draft
by nibperrychub
Sports
2m
Alphabetical 'K' Countries by Flag Minefield
by ylime102
Geography
3m
Pick 6: Fruits
by JohnFran
Miscellaneous
15s
More to Explore
Quiz From the Vault
Featured Blog Post
15 Basketball Trivia Facts You Can Be March Mad About
hide this ad
You Might Also Like...
Tags
Author Quiz
Book Quiz
Novel Quiz
Longevity
non-fiction
Seller
Today's Top Quizzes in Literature
Browse Literature
hide this ad
Today's Top Quizzes in Book
Browse Book
Top Contributed Quizzes in Literature
1
4-to-1 Blitz: Harry Potter
2
Pick 3: Harry Potter Hogwarts Quidditch Players
3
percy jackson logic puzzle
4
Jane Eyre Character Quotes
5
Season Plays
6
Harry Potter: Partnered Harry Trio Venn Diagram
7
Harry Potter Logic Quiz New
8
Cosmere Minesweeper
9
Literature Acrostic Puzzle
10
Percy Jackson Logic Puzzle (Hard!)
Explore More
Trending Topics
Disney
Anime
Crossword
Marvel
Harry Potter
Kpop
NBA
Country
Pokémon
Puzzle
Song
WWE
Soccer
The Office
NFL
hide this ad
More By:
alanlit96
Quiz
Plays
Rating
Category
Featured
Created
NFL-Green Bay Packers Career Leaders
2,865
4.63
Sports
Dec 31, 2009
NFL-Kansas City Chiefs Career Leaders
999
4.75
Sports
Dec 30, 2009
NFL-Cleveland Browns Career Leaders
932
5.00
Sports
Jan 6, 2010
MLB Decade Leaders/Stolen Bases
775
4.60
Sports
Oct 8, 2009
MLB Home Runs--Not With a Whimper
696
4.27
Sports
Oct 23, 2009
Go to Creator's Profile
Score Distribution
Quiz Creator Spotlight
alanlit96
Follow
Send a Message
Quizzes Created
-
Created Quiz Play Count
-
More By This Creator
Popular Quizzes Today
1
Find the US States - No Outlines Minefield
2
Countries of Asia Without Outlines Minefield
3
Pick 6: Fruits
4
The Countries of the World
5
Alphabetical 'K' Countries by Flag Minefield
6
Find the US States
7
Match the Book to the Film X
8
Click the 1999 NBA Draft
More Literature Quizzes
One Thing in Common: Books
Editor's Pick
Trending Quizzes
Pick 6: Harry Potter
Pick 6: Mountains
Pick 6: NFL Teams
Pick 6: Movie Franchises
Pick 6: Golfers
Recently Updated
Women's Final Four Teams by Year
bhenderson79
Presidents Quartet II
eogle
Anything But Clue(do)
eogle
Anything But Oceanian Capitals
eogle
Anything But 7
eogle
Anything But Thing
eogle
Word Ladder: February 29
pecheneg
Song Title Questions
pecheneg
Women's NCAA Tournament #1 Seeds
pecheneg
Celebrity Mug Shots
pecheneg
Trending Topics
Marvel
Disney
NBA
Kpop
Crossword
Anime
Harry Potter
The Office
Soccer
Puzzle
Pokémon
Song
WWE
NFL
Country
Your Account Isn't Verified!
In order to create a playlist on Sporcle, you need to verify the email address you used during registration. Go to your
Sporcle Settings
to finish the process.
Report this User
Report this user for behavior that violates our
Community Guidelines
.
Details:
Send Report
Go to the Sporcle.com Mobile Site →
Comments